000
00313nam a2200109Ia 4500
008
171211s9999 xx 000 0 und d
245
_a
So You Want to Sing Jazz : A Guide for Professionals
245
_c
Jan Shapiro
260
_c
2016
650
_x
music
856
_u
http://down.ebook777.com/061/9781442229358.pdf
999
_c
348673
_d
348673